|
|
|
|
| LEADER |
01836nem a22004332a 4500 |
| 001 |
mzk03001065346 |
| 003 |
CZ BrMZK |
| 005 |
20080829073750.0 |
| 007 |
aj|ca||| |
| 008 |
080827s1813 au i||||||a|||r|0|||gerod |
| 034 |
1 |
|
|a a
|b 60000
|d E0073849
|e E0080222
|f N0481252
|g N0480341
|
| 040 |
|
|
|a BOA001
|b cze
|
| 043 |
|
|
|a e-gx---
|
| 072 |
|
7 |
|a 355/359
|x Vojenství. Obrana země. Ozbrojené síly
|2 Konspekt
|9 15
|
| 072 |
|
7 |
|a 912:904
|x Staré mapy
|2 Konspekt
|9 7
|
| 080 |
|
|
|a (084.3)
|2 MRF
|
| 080 |
|
|
|a (430.127)
|2 MRF
|
| 080 |
|
|
|a 355.483
|2 MRF
|
| 100 |
1 |
|
|a Höhm
|4 aut
|
| 245 |
1 |
0 |
|a Schlacht bey Emmendingen am Neunzehnten October MDCCXCVI.
|n PL. VII.
|h [kartografický dokument] /
|c Oblieut. Höhm script. Ponheimer sc.
|
| 255 |
|
|
|a Měřítko [ca 1:60 000]. 13 cm = 10 Maasstab einer deutschen Meile
|c (007°38´49" v.d.--008°02´22" v.d./048°12´52" s.š.--048°03´41" s.š.)
|
| 260 |
|
|
|a [Wien :
|b s.n.,
|c 1813]
|
| 300 |
|
|
|a 1 mapa :
|b mědirytina, ručně kolorovaná ;
|c 39 x 54 cm na listu 56,6 x 83,7 cm
|
| 500 |
|
|
|a A. 53
|
| 500 |
|
|
|a Na zadní straně štítek s rámcem z typografických ozdob a názvem: VII. Schlacht bei Emmerdingen
|
| 500 |
|
|
|a Výzdoba: V pravém horním rohu název, u levého okraje komentář k bitvě, měřítko a směrová ružice
|
| 510 |
3 |
|
|a IKAR
|
| 561 |
|
|
|a Provenience: [razítko] Ofiziers Bibliothek des K. K. Infanterie Regiments No. 8
|
| 655 |
|
7 |
|a historické mapy
|7 fd186723
|2 czenas
|
| 650 |
0 |
7 |
|a bojiště
|7 ph210498
|2 czenas
|
| 651 |
|
4 |
|a Emmendingen (Německo)
|
| 700 |
1 |
|
|a Ponheimer, Kilian,
|d 1788-1829
|7 mzk2009511578
|4 egr
|
| 856 |
4 |
1 |
|u http://mapy.mzk.cz/mzk03/001/065/346/2610352596
|y Digitalizovaný dokument
|
| 910 |
|
|
|a BOA001
|b STMpa-1209.764
|
| 978 |
|
|
|b S.n.
|a Wien
|c 1813
|
| 984 |
|
|
|a Vídeň
|b Rakousko
|
| 985 |
|
|
|a 1801-1850
|
| 990 |
|
|
|a MP
|
| 991 |
|
|
|k mzk
|